01019nam a2200217 a 4500003000400000005001700004008004100021040002400062041000800086082001800094111005600112245021000168260011200378300001000490518005000500653006300550653005600613942001200669999001500681952010500696OSt20131010192943.0131010s2003 ag ||||| |||| 10| 0 spa d cBiblioteca Medicina aspa bCONGRESOS 0212 aAcademia Nacional de Medicina de Buenos Aires9270200aActividades Academicas de la Reunion Conjunta de la Academia Nacional de Medicina de Buenos Aires y la Academia de Ciencias Medicas de Cordoba: Desafios de la prevencion en Pediatria para el nuevo milenio. aBuenos AiresbAcademia Nacional de Medicina de Buenos Aires;bAcademia de Ciencias Medicas de Cordobac2003 a78 p. aBuenos Aires, Argentina. 19 de Agosto de 2003 aACADEMIA NACIONAL DE MEDICINA DE BUENOS AIRES-REUNION-2003 aACADEMIA DE CIENCIA MEDICAS DE CORDOBA-REUNION-2003 2ddccPH c1794d1794 00102ddc40708NFICaBFMbBFMcCRd2013-10-10l0oCONGRESOS 021r2014-11-06tEj. 1w2013-10-10yPH